000 00280nam a2200109Ia 4500
008 230907s9999||||xx |||||||||||||| ||und||
082 _a690
_bCHE
245 0 _aAdvanced building and joinery skills /
260 _aPearson,
_bMelbourne :
_c2010
300 _axv, 400 p.
942 _cBK
999 _c600042
_d600042